| 000 | 00540nam a22001937a 4500 | ||
|---|---|---|---|
| 003 | OSt | ||
| 005 | 20140310182218.0 | ||
| 008 | 130909t xxu||||| |||| 00| 0 eng d | ||
| 020 | _a9782894293898 | ||
| 050 |
_aTX 645 _b.P275 1993 |
||
| 082 |
_aHS 641.568 _bAs66 1993 |
||
| 100 |
_aAspincuall, Jane _917158 |
||
| 245 |
_aThe Party time cookbook _cJane Aspincuall. |
||
| 260 |
_aCanada : _bTormont Publications, _cc1993. |
||
| 300 |
_a96 p. : _bill. col. ; _c28 cm |
||
| 650 |
_aCookery _912409 |
||
| 942 |
_2lcc _cHS |
||
| 999 |
_c10645 _d10645 |
||